Project Management 11/e

Saved in:
Bibliographic Details
Main Author: Meredith
Format: Book
Published: Wiley India
Tags: Add Tag
No Tags, Be the first to tag this record!

MARC

LEADER 00000nam a2200000Ia 4500
005 20260513122054.0
020 |a 9789354641176 
100 |a Meredith 
365 |c Rs. 
365 |b 20.00 
942 |c BK 
245 |a Project Management 11/e 
260 |b Wiley India 
999 |c 108  |d 108 
952 |0 0  |1 0  |4 0  |7 0  |a UNSW  |b UNSW  |d 2026-05-06  |g 1099.00  |i 16683  |l 0  |p 000009  |r 2026-05-13 12:20:54  |v 1099.00  |w 2026-05-13  |y BK